Catalog

Record Details

Catalog Search



"Damit bin ich noch längst nicht fertig" : die Autobiographie / Ignatz Bubis mit Peter Sichrovsky

Record details

  • ISBN: 3-593-35556-6 (váz.)
  • Physical Description: 292 s., [16] s. obr. příl. : il., portréty ; 24 cm
  • Publisher: Frankfurt/Main ; Campus, c1996

Content descriptions

General Note:
Obsahuje rejstřík

Available copies

  • 1 of 1 copy available at Common Catalog SPOK.

Holds

  • 0 current holds with 1 total copy.
Show Only Available Copies
Location Call Number / Copy Notes Barcode Shelving Location Status Due Date
Terezin Initiative Institute 914 4594300914 Knihovna ITI Available -

LDR 00880nam a2200277 a 4500
00125737
003CZ-PrJAB
00520221121161957.0
008120524s1996 gw acf gre 001 0bger
020 . ‡a3-593-35556-6 (váz.)
035 . ‡a(CONS)542
035 . ‡a(CZ PrSKC)zpk20122413462
040 . ‡aABA001 ‡bcze
044 . ‡agw ‡axxu
080 . ‡a32-051 ‡2MRF
080 . ‡a339.1-051 ‡2MRF
080 . ‡a929 ‡2MRF
080 . ‡a(=411.16) ‡2MRF
080 . ‡a323.28 ‡2MRF
080 . ‡a(430) ‡2MRF
080 . ‡a(092) ‡2MRF
1001 . ‡aBubis, Ignatz, ‡d1927-1999 ‡7jo2012732145 ‡4aut
24510. ‡a"Damit bin ich noch längst nicht fertig" : ‡bdie Autobiographie / ‡cIgnatz Bubis mit Peter Sichrovsky
260 . ‡aFrankfurt/Main ; ‡aNew York : ‡bCampus, ‡cc1996
300 . ‡a292 s., [16] s. obr. příl. : ‡bil., portréty ; ‡c24 cm
500 . ‡aObsahuje rejstřík
7001 . ‡aSichrovsky, Peter, ‡d1947- ‡7mzk2012697803 ‡4aut
8524 . ‡bJACH-ITI ‡bJACH-ITI ‡cKnihovna ITI ‡j914 ‡p914 ‡y$0.00
910 . ‡aABE340 ‡b914
995 . ‡askok
901 . ‡a25737 ‡bISxN ‡c25737 ‡tbiblio

Additional Resources